Elogio de la antropología

Uloženo v:
Podrobná bibliografie
Hlavní autor: Lévi-Strauss, Claude (Autor)
Médium: Kniha
Jazyk:španělština
Vydáno: Córdoba Pasado y Presente 1968
Témata:
Tagy: Přidat tag
Žádné tagy, Buďte první, kdo vytvoří štítek k tomuto záznamu!

MARC

LEADER 00000nam a2200000 a 4500
001 UCX4428
003 CL-VaPUC
008 920512e19680000AG |||||||||||||||||spa|d
082 0 4 |a 306  |b LEV  |2 21 
100 |a Lévi-Strauss, Claude  |e author  |9 265689 
245 1 0 |a Elogio de la antropología 
300 |a 54 p 
942 |c BK 
945 |d 19920512 00:00:00 
260 |a Córdoba  |b Pasado y Presente  |c 1968 
650 0 |a Antropología cultural y social   |9 265143 
650 0 |a Antropología   |9 233030 
583 |a last modification  |c 19920512 00:00:00  |k Rodrigo Vera 
999 |c 224885  |d 224883 
952 |0 0  |1 0  |4 0  |6 306_000000000000000_LEV_1968  |7 0  |8 A  |9 221908  |a BIBHIS  |b BIBHIS  |d 2019-11-15  |i 2907941  |o 306 LEV 1968  |p 2907941  |r 2025-01-20  |w 2019-11-15  |y BK  |k HIS 
952 |0 0  |1 0  |4 0  |6 306_000000000000000_LEV_1968  |7 0  |8 A  |9 221909  |a FDOPOS  |b FDOPOS  |d 2019-11-15  |i 4313267  |o 306 LEV 1968  |p 4313267  |r 2023-08-09  |w 2019-11-15  |y BK  |k MLA